000 00469nam a22001697a 4500
003 OSt
005 20140310181714.0
008 121214t xxu||||| |||| 00| 0 eng d
022 _a0117-8660
050 _aHD 2905.A2
_b.P552 1997
082 _aFil 351.0076
_bP 1997
245 _aPhilippines top 2000 corporations /
260 _aManila :
_bSecurities and Exchange Commission,
_c1997.
300 _a420 p. :
_bcol. ill. ;
_c28 cm.
942 _2lcc
_cBK
999 _c1713
_d1713